| 000 | 00613nam a2200205 a 4500 | ||
|---|---|---|---|
| 005 | 20140310183523.0 | ||
| 008 | 111110s19uu xx 00 eng d | ||
| 020 | _a9780745645254 | ||
| 050 |
_aHM 851 _b.P35 2010 |
||
| 100 | _aPapacharissi, Zizi A. | ||
| 245 |
_aA private sphere : _bdemocracy in a digital age / _cZizi A. Papacharissi. |
||
| 260 |
_aCambridge : _bPolity, _c2010. |
||
| 300 |
_a200 p. : _c22 cm. |
||
| 521 | _aMA | ||
| 650 | _aDemocracy | ||
| 650 |
_aInternet _xPolitical aspects |
||
| 650 |
_aPolitical participation _xComputer network resources |
||
| 942 |
_cBK _2lcc _kFOR |
||
| 999 |
_c24453 _d24453 |
||